Normal view MARC view
  • Bilal, GC Yasir (TCC-13)

Entry Personal Name

Number of records used in: 1

001 - CONTROL NUMBER

  • control field: 131860

003 - CONTROL NUMBER IDENTIFIER

  • control field: NUST

005 - DATE AND TIME OF LATEST TRANSACTION

  • control field: 20251112175133.0

008 - FIXED-LENGTH DATA ELEMENTS

  • fixed length control field: 251112|| aca||aabn | a|a d

040 ## - CATALOGING SOURCE

  • Original cataloging agency: NUST
  • Transcribing agency: NUST

100 ## - HEADING--PERSONAL NAME

  • Personal name: Bilal, GC Yasir (TCC-13)

670 ## - SOURCE DATA FOUND

  • Source citation: Work cat.: (NUST)182469: Bilal, GC Yasir (TCC-13), Micro controller based RF moving target chasing system /, 2005
© 2023 Central Library, National University of Sciences and Technology. All Rights Reserved.